Marcas por sus logos. - Estadísticas

Estadísticas generales
  • Esta prueba ha sido intentada 1.349 veces
  • La puntuación promedio es 32 de 40
Estadísticas de respuestas
Imagen Respuesta % Correcto
Twitter
99%
Pepsi
94%
Instagram
93%
Apple
92%
Audi
92%
Starbucks
92%
Adidas
91%
Spotify
91%
Tesla
91%
Tik Tok
91%
Monster
90%
Android
89%
Amazon
88%
Pringles
88%
KFC
87%
LG
87%
Nike
87%
Peugeot
87%
Dominos Pizza
86%
Red Bull
86%
Warner Bros
85%
Gucci
84%
Mastercard
84%
Santander
82%
BMW
81%
Carrefour
80%
Seat
80%
Mercedes Benz
78%
Converse
77%
Nestle
76%
Volkswagen
76%
Mercadona
75%
Shell
73%
Vodafone
73%
Mitsubishi
70%
Alcampo
65%
Kappa
63%
Beats
44%
Walt Disney
39%
Fendi
37%
No se encontraron pruebas coincidentes
Distribución de puntuación
Porcentaje de gente con cada puntuación
Porcentaje por número respondido
Historial de tus puntuaciones
No has intentado esta prueba.